Score 0/14 Timer 03:00
0 Plays Today
Song Title Answer % Correct
Big Girls Don't _____Cry
97.7%
The Bed's Too Big Without _____You
93%
Big _____ TaxiYellow
89.6%
Big _____ JohnBad
69.9%
[Hey] Big _____Spender
53.6%
In a Big _____Country
52.7%
Big _____Shot
49.4%
Song Title Answer % Correct
Big Rock _____ MountainCandy
45.7%
Big _____Time
41.2%
Big _____Love
31.3%
Mr. Big _____Stuff
31%
Big _____Me
19.3%
Big in _____Japan
19%
Big _____Log
10.3%

Today's Daily Dose

You're not logged in!

Compare scores with friends on all Sporcle quizzes.
OR
Log In

Sporcle TV

Today on Sporcle TV


Watch our educational content, quiz creation guides, and fun videos on Sporcle TV.

Show Comments

Extras

Top Quizzes Today


Score Distribution

Your Account Isn't Verified!

In order to create a playlist on Sporcle, you need to verify the email address you used during registration. Go to your Sporcle Settings to finish the process.

Report this User

Report this user for behavior that violates our Community Guidelines.

Details: